书目信息 |
| 题名: |
工业企业会计实帐演练
|
|
| 作者: | 洪从凤 , 李雪岩 编著 | |
| 分册: | ||
| 出版信息: | 北京 中华工商联合出版社 2012 |
|
| 页数: | 249页 | |
| 开本: | 24cm | |
| 丛书名: | 行业精英培训丛书 | |
| 单 册: | ||
| 中图分类: | F406.72 | |
| 科图分类: | ||
| 主题词: | 工业会计 | |
| 电子资源: | ||
| ISBN: | 978-7-5158-0103-2 | |
| 000 | 01074nam0 22002771 450 | |
| 001 | 523 | |
| 005 | 20140909094305.17 | |
| 010 | @a978-7-5158-0103-2@dCNY32.80 | |
| 100 | @a20120202d2012 em y0chiy50 ea | |
| 101 | 0 | @achi |
| 102 | @aCN@b110000 | |
| 105 | @ay z 000yy | |
| 106 | @ar | |
| 200 | 1 | @a工业企业会计实帐演练@AGong Ye Qi Ye Hui Ji Shi Zhang Yan Lian@f洪从凤,李雪岩编著@FHong Cong Feng, Li Xue Yan Bian Zhu |
| 210 | @a北京@c中华工商联合出版社@d2012 | |
| 215 | @a249页@d24cm | |
| 225 | 2 | @a行业精英培训丛书 |
| 300 | @a东方智库 财务技能自我提升006 | |
| 330 | @a本书以信利达电子有限公司2010年12月实际发生的会计业务为基础,设计了一套模拟真题,介绍了运用借贷记帐法,通过填制凭证、登记帐薄、成本计算直至编制报表,完成全部工业企业会计核算工作的过程;书中还涉及了各类标准票据、明细帐、总分类帐、财务报表等内容。 | |
| 461 | 0 | @12001 @a行业精英培训丛书 |
| 606 | 0 | @a工业会计 |
| 690 | @aF406.72@v5 | |
| 701 | 0 | @a洪从凤@AHong Cong Feng@4编著 |
| 701 | 0 | @a李雪岩@ALi Xue Yan@4编著 |
| 801 | 0 | @aCN@bTANGWEI@c20140603 |
| 905 | @b0836856-58@dF406.72@e217@f3 | |
| 工业企业会计实帐演练/洪从凤,李雪岩编著.-北京:中华工商联合出版社,2012 |
| 249页;24cm.-(行业精英培训丛书) |
| 东方智库 财务技能自我提升006 |
| ISBN 978-7-5158-0103-2:CNY32.80 |
| 本书以信利达电子有限公司2010年12月实际发生的会计业务为基础,设计了一套模拟真题,介绍了运用借贷记帐法,通过填制凭证、登记帐薄、成本计算直至编制报表,完成全部工业企业会计核算工作的过程;书中还涉及了各类标准票据、明细帐、总分类帐、财务报表等内容。 |
| ● |
| 相关链接 |
|
|
|
|
正题名:工业企业会计实帐演练
索取号:F406.72/217
 
预约/预借
| 序号 | 登录号 | 条形码 | 馆藏地/架位号 | 状态 | 备注 |
| 1 | 0836856 | 208368568 | 第一样本阅览室/ [索取号:F406.72/217] | 在馆 | |
| 2 | 0836857 | 208368577 | 密集书库-海洋学院/ [索取号:F406.72/217] | 在馆 | |
| 3 | 0836858 | 208368586 | 第一借阅区/ [索取号:F406.72/217] | 在馆 |